000 00279nam a2200133Ia 4500
100 _aSinha/K.P/ Goel
942 _cBK
654 _aFoundry
245 _aFoundry Technology
260 _bRoorkee Publishing House
_c1972
082 _a671.2
300 _a268
546 _aENGLISH
999 _c29557
_d29557